Powdery mildew of rubber caused by Oidium heveae Steinmaan and its occurrence in South India (Record no. 50180)

MARC details
000 -LEADER
fixed length control field 00400nam a2200133Ia 4500
100 ## - MAIN ENTRY--AUTHOR NAME
Personal name Ramakrishnan T.S.
245 #0 - TITLE STATEMENT
Title Powdery mildew of rubber caused by Oidium heveae Steinmaan and its occurrence in South India
260 ## - PUBLICATION, DISTRIBUTION, ETC. (IMPRINT)
Name of publisher Rubber Board Bulletin
Year of publication 1956-57
300 ## - PHYSICAL DESCRIPTION
Number of Pages 6-Mar
650 ## - SUBJECT ADDED ENTRY--TOPICAL TERM
Topical Term Oidium heveae
650 ## - SUBJECT ADDED ENTRY--TOPICAL TERM
Topical Term Powdery mildew
942 ## - ADDED ENTRY ELEMENTS (KOHA)
Koha item type Bibliography STAF
Holdings
Withdrawn status Lost status Damaged status Not for loan Home library Current library Shelving location Date acquired Serial Enumeration / chronology Koha item type
      Bibliography RRII Library RRII Library Pathology 09/04/2014 Volume 4, Issue 2&3 Bibliography STAF